| 000 | 01119pam a2200325 a 4500 | ||
|---|---|---|---|
| 001 | 3942864 | ||
| 003 | OSt | ||
| 005 | 20191230121418.0 | ||
| 008 | 930701s1993 nyuab b 001 0 eng | ||
| 010 | _a 93028550 | ||
| 020 | _a0070610150 (alk. paper) | ||
| 040 |
_aDLC _cDLC _dDLC |
||
| 050 | 0 | 0 |
_aHF5415 _b.S745 1994 |
| 082 | 0 | 0 |
_a658.8 / St262f _220 |
| 100 | 1 |
_aStanton, William J. _92779 |
|
| 245 | 1 | 0 |
_aFundamentals of marketing / _cWilliam J. Stanton, Michael J. Etzel, Bruce J. Walker. |
| 250 | _a10th ed. | ||
| 260 |
_aNew York : _bMcGraw-Hill, _cc1994. |
||
| 300 |
_axxviii, 697 p. : _bco;. ill., col. maps ; _c27 cm. |
||
| 440 | 0 |
_aMcGraw-Hill series in marketing _92780 |
|
| 500 | _aIncludes Indexes | ||
| 504 | _aIncludes bibliographical references and indexes. | ||
| 650 | 0 |
_aMarketing. _92781 |
|
| 700 | 1 |
_aEtzel, Michael J. _92782 |
|
| 700 | 1 |
_aWalker, Bruce J. _92783 |
|
| 906 |
_a7 _bcbc _corignew _d1 _eocip _f19 _gy-gencatlg |
||
| 942 |
_2ddc _cBK |
||
| 999 |
_c6203 _d6203 |
||